| 000 | 00746nab a2200193 i 4500 | ||
|---|---|---|---|
| 001 | BPP | ||
| 003 | BPK | ||
| 005 | 20150225092242.0 | ||
| 008 | 150224s1998 pl | | |000 ||pol | ||
| 040 | _cBPK | ||
| 080 | _a666.97/.98 | ||
| 100 |
_aŚWITOŃSKI, Aleksander. _d1997 - 2006. _bPolitechnika Koszalińska - Wydział Budownictwa i Inżynierii Środowiska, _cKatedra Budownictwa i Materiałów Budowlanych |
||
| 245 |
_aModel kształtowania struktury betonu plastyfikatorem i mikrowypełniaczem / _cAleksander Świtoński. |
||
| 260 | _c1998. | ||
| 500 | _aDane z bibliografii załącznikowej. | ||
| 650 | 0 | _aBeton. | |
| 773 |
_iW : _tZeszyty Naukowe Politechniki Gdańskiej. - _g1998, nr 55. - _kBudownictwo Lądowe |
||
| 942 |
_cART _2UKD |
||
| 999 |
_c1212 _d1212 |
||